Analyzovanie využitia biopalív s prihliadnutím na daňové a nákladové úspory

Biopalivá, ich členenie a využitie. Možnosti úspor a využitia biopalív. Úspory na daniach.

Na minha lista:
Detalhes bibliográficos
Autor principal: Kudla, Martin
Formato: Capítulo de Livro
Idioma:eslovaco
Assuntos:
Tags: Adicionar Tag
Sem tags, seja o primeiro a adicionar uma tag!

MARC

LEADER 00000nla$a2200000$$$4500
001 0103501
005 20240502072127.3
041 0 |a slo 
044 |a SK 
245 1 0 |a Analyzovanie využitia biopalív s prihliadnutím na daňové a nákladové úspory  |c Martin Kudla 
520 |a Biopalivá, ich členenie a využitie. Možnosti úspor a využitia biopalív. Úspory na daniach. 
610 2 0 |a bioplyn 
610 2 0 |a politika energetická 
610 2 0 |a politika environmentálna 
610 2 0 |a úspory finančné 
610 2 0 |a dane 
100 1 |a Kudla, Martin